|
|
|
|
| LEADER |
01659nam a2200373 a 4500 |
| 001 |
c000353234 |
| 003 |
CARM |
| 005 |
20001008200917.0 |
| 008 |
710407s1971 ilua b 000 0 eng |
| 010 |
|
|
|a 78143327 //r973
|
| 019 |
1 |
|
|a 85765
|5 LACONCORD2021
|
| 020 |
|
|
|a 025200146X
|
| 035 |
|
|
|a (OCoLC)132397
|5 LACONCORD2021
|
| 040 |
|
|
|a LC
|b eng
|c LC
|d LC
|
| 041 |
1 |
|
|a engfro
|
| 050 |
0 |
0 |
|a PQ1308.E6
|b S5
|
| 050 |
|
4 |
|a PQ1308.E6
|b C64 1971
|
| 082 |
0 |
0 |
|a 841/.1/08
|
| 082 |
0 |
4 |
|a 841/.1/08
|
| 100 |
1 |
|
|a Shapiro, Norman R,
|e comp.
|
| 245 |
1 |
4 |
|a The comedy of eros;
|b medieval French guides to the art of love.
|c Translated by Norman R. Shapiro. Notes and commentary by James B. Wadsworth.
|
| 260 |
|
|
|a Urbana,
|b University of Illinois Press
|c [1971]
|
| 300 |
|
|
|a xv, 133 p.
|b col. illus.
|c 24 cm.
|
| 504 |
|
|
|a Includes bibliographical references.
|
| 505 |
0 |
|
|a Ovid's "On the art ...," by M. Élie.--The key to love-Anonymous.--The art of love, by Guiart.--On courtesy-Anonymous.--Advice to ladies, by R. de Blois.--"On the rules of love" from The book of love, by D. la Vache.--Advice on love, by R. de Fournival.
|
| 650 |
|
0 |
|a French poetry
|y To 1500
|x Translations into English.
|
| 650 |
|
0 |
|a Didactic poetry, French
|x Translations into English.
|
| 650 |
|
0 |
|a Love poetry, French
|x Translations into English.
|
| 650 |
|
0 |
|a Middle Ages
|x Poetry.
|
| 700 |
1 |
|
|a Shapiro, Norman R.
|
| 700 |
1 |
|
|a Wadsworth, James B.
|
| 852 |
8 |
|
|b CARM
|h A1:AL34A0
|i A05314
|p 0487012
|f BK
|
| 999 |
f |
f |
|i 4b0b2962-d15b-539c-af6e-bf30fe18cbfa
|s ede2bb23-51a4-54f6-8542-bd35ba814533
|
| 952 |
f |
f |
|p Can circulate
|a CAVAL
|b CAVAL
|c CAVAL
|d CARM 1 Store
|e A05314
|f A1:AL34A0
|h Other scheme
|i book
|m 0487012
|